000 00700 a2200205 4500
001 61961
005 20260407155912.0
008 260407a1987 arg spa d
003 AR-UNSa-BCEJYS
040 _aAR-UNSa-BCEJYS
_bspa
_cAR-UNSa-BCEJYS
080 _a342
_xDerecho constitucional (Derecho Público)
245 1 0 _aEstado de derecho y control judicial
_pJusticia constitucional, contencioso-administrativo y derecho de amparo
020 _a978-84-7351-205-3
264 1 _aMadrid :
_bInstituto Nacional de Administración Pública (INAP)
_c1987
300 _a679 p.
_c24 cm.
041 _aspa
942 _cBK
590 _aniveau_biblio:m niveau_hierar:0
100 1 _aBrewer Carías, Allan R.
999 _c7501
_d7501